000 01740nam0a2200397 4500
001 RU\NLR\bibl\954333
005 20260406094701.0
010 _a5-209-01871-7
_9500
021 _aRU
_b2006-18728
_9935
035 _a(NLR Aleph) 000942414
035 _a(nilc)RSL-KNO-002866278
090 _a228230
_c228230
100 _a20060418d2005 u y0rusy50 ca
101 0 _arus
102 _aRU
105 _aa |||||||||
106 _ar
200 1 _aРазработка статистических показателей социально ориентированной экономики (на примере Калужской области)
_fС. Н. Филатов
210 _aМосква
_cизд-во Рос. ун-та дружбы народов
_d2005
_eМ.
_gТип. ИПК РУДН
215 _a246 с.
_cил., табл.
_d20
320 _aБиблиогр.: с. 179-201
606 1 _aЭкономическая статистика
_yРоссийская Федерация
_92129596
_3RU\NLR\auth\661284956
607 _aКалужская область
_xНародное хозяйство
_91066104
_3RU\NLR\auth\66414458
610 0 _aЭкономика -- Экономическая статистика -- Российская Федерация
686 _aУ051.9(2)0,0
_2rubbk
686 _aУ03(2Р-4Калж)74
686 _aУ051.9(2)
700 1 _4070
_7ca
_8rus
_aФилатов
_bС. Н.
_cканд. экон. наук
_gСергей Николаевич
_3RU\NLR\AUTH\770287054
_92687466
801 0 _aRU
_bРКП
_c20060418
_grcr
801 1 _aRU
_bРГБ
_c20060418
801 2 _aRU
_bNLR
_c20060529
_grcr
830 _aАвт. по кн.
942 _cBOOK
980 _aNB